000 00317nam a2200133Ia 4500
008 150201s2009 xx 000 0 und d
082 _a6912.015
_bB09N
100 _aNAGINI,S
245 _aINSTANT BIOCHEMISTRY
250 _a1ST
260 _bANE BOOK PUB.
_aDELHI
_c2009
650 _aBIOCHEMISTRY
942 _2ddc
_cBK
_025
999 _c928
_d928